000 00856nam a2200229 a 4500
001 77696
003 BD-RjUL
005 20211209083019.0
008 201228s1962 ii ||||| |||| 00| 0 ebe d
035 _a(BD-RjUL)77922
040 _aBD-RjUL
_beng
_cBD-RjUL
041 _aeng
082 _223
_a954.162
_bPHA 1962
100 _aফুক্কন, হলিরাম ঢেকিয়াল
_9243006
245 1 0 _aআসাম বুরঞ্জি /
_cহলিরাম ঢেকিয়াল ফুক্কন
260 _aআসাম :
_bমোক্ষাদা পুস্তকালয়,
_c১৯৬২
300 _a১১৫, ৫০ পৃ.;
_c২১ সেমি.
505 0 1 _aভাগ.১-৪ --
651 _aভারত
_zআসাম
_xইতিহাস
_9243007
651 _aIndia
_zAssam
_xHistory.
_9243008
942 _2ddc
_cBK
999 _c77696
_d77696